[Event "FIDE World Cup"]
[Site "Tbilisi"]
[Date "2017.09.10"]
[Round "3.2"]
[White "Kramnik, Vladimir"]
[Black "Ivanchuk, Vassily"]
[Result "0-1"]
[WhiteElo "2803"]
[BlackElo "2728"]
[Annotator "Marin,M"]
[PlyCount "142"]
[EventDate "2017.09.03"]
[EventType "k.o."]
[EventRounds "7"]
[EventCountry "GEO"]
[SourceTitle "CBM 181"]
[Source "ChessBase"]
[SourceDate "2017.11.10"]
[SourceVersion "1"]
[SourceVersionDate "2017.11.10"]
[SourceQuality "1"]

1. e4 c6 2. d4 d5 3. exd5 cxd5 4. Bd3 Nc6 5. c3 {Famously used by Fischer,
this line may not suit Kramnik's style entirely, as it has a static character,
at least in the initial phase. But the former World champion may enjoy it
because it ressembles a reversed Queen's Gambit (an opening he plays with
Black).} Nf6 ({Kramnik had also faced} 5... Qc7 {preventing Bf4:} 6. Na3 a6 7.
Nc2 Nf6 8. h3 e6 9. Nf3 b5 10. O-O Bb7 11. Re1 Bd6 12. Bg5 Ne4 13. a4 {Kramnik,
V (2812)-Fedoseev,V (2726) Dortmund 2017 CBM 180 [Moradiabadi,E] (0-1, 29)}) 6.
Bf4 Bg4 7. Qb3 Qc8 {Defending the pawn without placing the queen in the
f3-knight's range.} ({A famous Fischer game went} 7... Na5 $6 8. Qa4+ Bd7 9.
Qc2 e6 10. Nf3 Qb6 11. a4 Rc8 12. Nbd2 Nc6 13. Qb1 Nh5 14. Be3 h6 15. Ne5 Nf6
16. h3 Bd6 17. O-O Kf8 18. f4 $16 {Fischer,R-Petrosian,T Belgrade 1970 (1-0,
39)}) ({The main alternative is} 7... Qd7 {, preparing ...Bd6.} 8. Nd2 e6 9. h3
({Curiously this is more rarely seen than} 9. Ngf3 {when play may continue}
Bxf3 10. Nxf3 Bd6 11. Bxd6 Qxd6 12. O-O O-O 13. Rae1 Rab8 14. Ne5 b5 15. a3 a5
16. Re3 Rfc8 17. Qd1 b4 $132 {Lanka,Z-Kasparov,G Leningrad 1977 (½-½, 49)})
9... Bh5 (9... Bf5 $5 {needs further testing as so far it has been tried only
in lower rated games}) 10. Ngf3 Bg6 ({Most games continue with} 10... Bxf3 {
but this means offering White h2-h3 as an extra tempo. Or maybe he usually
wants to keep the h3-square available for the rook in order to attack h7?!})
11. Bb5 $5 Bd6 12. Bxd6 Qxd6 13. Qb4 $5 $146 Qxb4 14. Bxc6+ bxc6 15. cxb4 $14 {
[%csl Ga7,Gc5,Gc6]}) 8. Nd2 e6 9. Ngf3 Be7 10. O-O Bh5 $5 {A refined move (and
by far not the most popular!) The bishop retreats closer to g6 in order to
neutralise the possible pressure along the b1-h7 diagonal.} ({The main line
goes} 10... O-O 11. Ne5 Nxe5 (11... Bh5 12. Qc2 {already forces Black into
giving up the bishop pair in the long run for instance} Qe8 13. Rae1 Rc8 14.
Qb1 Bg6 15. Nxg6 hxg6 16. Nf3 a6 17. Qd1 Qd8 18. h4 Re8 19. g3 Nd7 20. Re2 Nf8
21. Rfe1 Bd6 22. Bc1 Qc7 23. Ng5 $14 {Zhao,J (2613)-Laznicka,V (2666) Ho Chi
Minh City 2016 (1-0, 53), with some pressure.}) 12. dxe5 Nd7 13. Qc2 g6 {
Ivanchuk probably wanted to avoid such weakening moves, even though in
practice White has not proved anything concrete:} 14. h3 Bf5 15. Bxf5 gxf5 {
Rendle,T (2400)-Howell,D (2611) Hastings 2011 CBM 140 Extra [Friedel,F] (0-1,
36)}) 11. Rae1 (11. Ne5 {is not dangerous now:} Nxe5 12. Bxe5 (12. dxe5 Nd7 13.
Qc2 Bg6 $11) 12... O-O $11) 11... Bg6 $5 {It looks as if Ivanchuk anticipated
Kramnik's 13th move. Since he is going to open the h-file, he does not hurry
with castling yet.} ({In practice there had been nothing wrong with} 11... O-O
{, though:} 12. Ne5 Nxe5 13. Bxe5 Bg6 14. Bxg6 hxg6 15. Qd1 b5 16. Re3 a5 17.
h4 b4 18. g4 a4 $36 {Dzindzichashvili,R (2530)-Karpov,A (2715) Mazatlan (rapid)
1988(0-1, 35)}) 12. Bxg6 hxg6 13. h4 $146 {In the endgame it would be useful
to keep the double pawns as they are (preventing ...f7-f6 followed by ..g6-g5,
for instance), but at this point in the game (and especially with a rook on h8)
the merits of this novelty are slightly questionable.} (13. Bg5 {is not
dangerous and actually led to quick disaster:} Qc7 14. Ne5 Bd6 15. f4 O-O-O $5
16. Qa4 Kb8 17. b4 Rc8 18. b5 Na5 19. Bxf6 (19. Nxf7 Qxf7 20. Qxa5 b6 21. Qa4
Rxc3 $15) 19... gxf6 20. b6 axb6 21. Nd7+ Ka7 $19 {Rittemann,S (2150)
-Svetushkin,D (2621) Travemuende 2011 (0-1, 28)}) ({For} 13. h3 O-O 14. Ne5 {
- Perelshteyn,E (2429)-Atalik,S (2575) Philadelphia 2000 EXT 2002 [Atalik,S] 
(0-1, 33).}) 13... a6 {[%cal Gb7b5] Frustrating White of his hopes for a
direct attack against the king, something he had prepared with Rae1.} 14. c4 {
The king's presence in the centre offers some abstract justification for this
break,but concretely there is no way of opening the position under favourable
circumstances. And the rooks should be on e1 or d1 and c1, not as they are. We
can infere that Ivanhuk's move order managed to confuse Kramnik completely.} a5
$5 {Very flexible thinking. After having provoked the weakening of the d4-pawn,
Ivanchuk looks for more.} 15. a3 {And he gets it!} a4 16. Qd3 O-O {There was
no need to stay with the king in the centre anymore, as with the queenside
under tension White cannot think of continuing his attack.} 17. c5 {Since
White cannot sustain this pawn with its neighbouring colleague, this move
fails to ensure a space advantage.} ({More cautious would have been} 17. Rc1
Qd8 18. Rfd1 {even though White would have no trace of an advantage.}) 17... b6
$1 18. cxb6 Qb7 19. Bc7 {With most of the pieces far from the queenside, this
mini-fortress is not fated to resist.} ({White had better chances to achieve
an eventless draw with} 19. Rc1 Qxb6 20. Rc2 Nd7 21. Rfc1 Rfc8 $11) 19... Nd7
$5 {Possibly the most difficult move in the game (see also my article about
difficult moves published on this same DVD!)} ({The point is that} 19... Ne8 {
looks more natural, but for not obvious reasons is less effective.} 20. Rc1
Nxc7 21. bxc7 Rfc8 22. Rc3 Rxc7 23. Rfc1 Rac8 24. g3 Bd6 (24... Na7 25. Rxc7
Rxc7 26. Rxc7 Qxc7 27. Qa6 $16) 25. Kg2 Ne7 26. Rxc7 Rxc7 27. Rxc7 Bxc7 28. Qc2
$11 {In similar lines in the game, the exchanges would take place slightly
differently.}) 20. Rc1 Rfc8 21. b4 {The correct reaction.} ({If, for instance,
} 21. Rc2 Nxb6 22. Bxb6 Qxb6 23. Rfc1 Na7 $1 24. Rxc8+ Nxc8 25. Rc2 Nd6 {
Black is much better regrouped than in the similar exchange line above. And
actually the presence of one rook on each side favours him, as White's b2-pawn
is weak.}) 21... axb3 22. Qxb3 Bxa3 {White seems to be in trouble as after
obstructing the b-file with the knight (...Be7 and ...Nb4 for instance) Black
would win the b6-pawn.} 23. Rc3 $2 ({Actually White had a nice resource:} 23.
Ra1 Be7 24. Rxa8 Rxa8 25. Rb1 Nb4 {Everything according to the plan, is it not?
} 26. Ne5 Nxb6 27. Qf3 $1 {Not entirely. This sudden queen switch offers
chances to maintain the equality.} Rf8 28. Bxb6 Qxb6 29. Nd7 Qxd4 30. Nxf8 Qxd2
31. Nd7 Bxh4 32. Ra1 Nc6 33. Ra8+ Nd8 {Black has a material advantage but his
poor cordination causes him problems proving a constructive plan.}) 23... Be7
$6 {Offering White a second chance of the same nature.} ({For reasons revealed
below a stronger move was} 23... Bf8 $1) 24. Rfc1 $2 (24. Rb1 $1 Nb4 25. Ne5
Nxb6 26. Bxb6 Qxb6 27. Rxc8+ Rxc8 28. Qf3 {is similr to the previous line.
With the bishop on f8 Black could defend f7 from the seventh rank.}) 24... Nb4
25. Ne5 Nxe5 26. Bxe5 (26. dxe5 Na2 $17) 26... Rxc3 27. Qxc3 Qxb6 {Black has
won a pawn and d4 is isolated. It is hard claiming a win yet, but let's put it
this way: Black would be very unhappy if he could not win!} 28. Nf3 Qd8 29. Qb3
Rc8 30. Ra1 Rc4 31. g3 Qc8 32. Kg2 Nc6 33. Qb5 Bf8 34. Ra4 $6 {I believe that
this makes things simpler for Black. Obviously, Kramnik was worried about his
d4-pawn. But it will soon become clear that it would have been better
exchanging queens.} (34. Qa6 $5 Qxa6 35. Rxa6 f6 36. Bf4 Kf7 37. Nd2 Rc2 38.
Nf3 {The d4-pawn is not lost yet.}) 34... Rxa4 35. Qxa4 Nb4 36. Qb5 Qc2 37. Qf1
Qe4 {This is the difference! The queen is very strong on this square and White
will soon be more or less forced to exchange it under unfavourable
circumstances. With rooks Black would not have had this resource.} 38. Qe1 f6
39. Bc7 Nc2 40. Qxe4 {Equivalent to surrendering.} ({But} 40. Qd1 {was not at
all roses:} Bb4 {[%cal Gc2e1]} 41. Kg1 Bc3 42. Bb6 Na3 43. Bc5 Nc4 {[%csl Gf3]
[%cal Gc4b2]} 44. Nh2 (44. Kg2 Nd2 {[%cal Gg6g5]}) 44... Nb2 $5 45. Qc1 Nd3 $1
46. Qxc3 Qe2 $1 47. Ng4 f5 48. Bb4 Qd1+ (48... fxg4 49. Qd2 $17) 49. Kg2 fxg4
50. Qd2 Qf3+ 51. Kg1 e5 {and Black should win.}) 40... dxe4 41. Nd2 f5 {
Black has gained space and the king is heading for d5.} 42. Nb3 Ne1+ 43. Kf1
Nf3 44. Ke2 Kf7 45. Bb6 Bb4 46. Ke3 Ke8 47. Bc5 Bc3 48. Ba3 Kf7 49. Bd6 Kf6 50.
Bc7 Ke7 51. Bb8 Bb2 52. Bf4 Kd8 53. Bd6 Kd7 {After many hesitations, typical
for over-the-board play, especially in decisive games, Ivanchuk decided on
giving up the g7-pawn for the sake of completing the king's centralisation.}
54. Bf8 Kc6 55. Bxg7 Kd5 56. Bf6 Bc3 $1 {[%csl Ga5][%cal Gd5c4]} (56... Kc4 {
is premature due to} 57. Na5+) 57. Ke2 ({Kramnik might have initially planned
retreating with his knight to c1, which is not possible with the king on e3:} 
57. Bg7 Kc4 58. Nc1 Bd2+ {but later changed his mind. Anyway, the last move
does not make anything worse than it was.}) 57... Kc4 58. Nc5 (58. Nc1 Bd2 $1
59. Kd1 Bxc1 60. Kxc1 Kd3 61. Kd1 e3 62. fxe3 Kxe3 $19 {[%cal Ge3f2]}) 58... e5
59. Nd7 {Unfortunately the knight does not get in time to take on g6, as White
has other worries now.} exd4 60. Bd8 d3+ 61. Kd1 Bd4 62. Bb6 Bxb6 63. Nxb6+ Kd4
64. Nc8 Ne5 65. Ne7 Ng4 66. Ke1 Kc3 67. Nd5+ (67. Nxg6 Kc2 $19) 67... Kb3 68.
Kd2 Nxf2 69. h5 {Or anything else.} gxh5 70. Ne3 h4 {This was the move I
expected, but Black has of course alternatives.} (70... Ng4 71. Nxf5 Ne5 72.
Nd4+ Kb2 73. Ke3 Nc4+ $1 $19) 71. Nxf5 (71. gxh4 f4) 71... h3 0-1

[Event "FIDE World Cup"]
[Site "Tbilisi"]
[Date "2017.09.10"]
[Round "3.2"]
[White "Svidler, Peter"]
[Black "Onischuk, Alexander"]
[Result "1-0"]
[WhiteElo "2751"]
[BlackElo "2682"]
[Annotator "Roiz,M"]
[PlyCount "127"]
[EventDate "2017.09.03"]
[EventType "k.o."]
[EventRounds "7"]
[EventCountry "GEO"]
[SourceTitle "CBM 181"]
[Source "ChessBase"]
[SourceDate "2017.11.10"]
[SourceVersion "1"]
[SourceVersionDate "2017.11.10"]
[SourceQuality "1"]

1. e4 e5 2. Nf3 Nc6 3. Bb5 a6 4. Ba4 Nf6 5. O-O Be7 6. Re1 b5 7. Bb3 O-O 8. a4
b4 9. d3 ({The more aggressive} 9. d4 {has also been employed by Peter.}) 9...
d6 10. a5 {This advance makes the b4-pawn much more vulnerable.} Rb8 {
Alexander is assuming White will push c2-c3, so Black is taking control over
the b-file in advance.} (10... Be6 11. Bxe6 fxe6 12. Nbd2 {frequently
transposes to the text.}) 11. Nbd2 Be6 12. Bxe6 fxe6 {This change of pawn
structure is always double-edged: opening the f-file favours Black, but the
doubled e-pawns might cause him some problems in the long run.} 13. c3 {
White hardly can claim any superiority without advancing the d-pawn.} ({
The other way of preparing the thematic d3-d4 break:} 13. Nb3 {led to a
complex strategic struggle in the following top-level game:} Qc8 14. Qe2 Nd8
15. d4 exd4 16. Nbxd4 c5 17. Nb3 e5 18. Nbd2 Ne6 19. Nc4 Nd4 20. Nxd4 cxd4 21.
Nb6 Qc6 $132 {Caruana,F -Carlsen,M Saint Louis USA 2017}) 13... Nd7 ({After} 
13... Qe8 14. Nc4 Qg6 15. h3 Nd7 16. Be3 d5 17. Ncd2 bxc3 18. bxc3 Nc5 19. Bxc5
Bxc5 20. Qa4 $14 {Carlsen,M - Aronian,L Saint Louis USA 2017, Black was under
strong pressure.}) 14. Nb3 $146 {This natural move is a novelty.} ({The
previosuly played} 14. Nc4 {is inviting the freeing d6-d5 advance:} d5 15. exd5
exd5 16. Ne3 Nc5 $132 {Saltaev,M - Smagin,S Moscow 1995}) 14... d5 {This
committal move seems the only way of activating the pieces.} ({In the event of
} 14... Qe8 15. Be3 Qg6 16. Nbd2 Rb5 17. Qe2 bxc3 18. bxc3 Rfb8 19. Rec1 $14 {
the control over the b-file wouldn't yield Black real counterplay.}) 15. Be3
bxc3 16. bxc3 dxe4 $6 {This exchange makes Black's setup more shaky: the
c4-spot and the a6-pawn are very weak.} ({After} 16... Bd6 $1 17. Rb1 h6 18.
Qc2 Qe7 19. h3 {White's position looks somewhat better, but it's very hard to
make any real progress.}) 17. dxe4 Rb5 $6 {This inaccurate move is inviting
fresh troubles.} ({A better one was} 17... Nf6 18. Qc2 Ng4 19. h3 Nxe3 20. Rxe3
Rb5 $14) 18. Qe2 {The queen is heading to c4.} ({Possibly, an even stronger
try was} 18. Qd3 $5 Qc8 19. Red1 Ndb8 20. Qc4 $16) 18... Qb8 ({The knight is
untouchable:} 18... Rxb3 $2 19. Qc4 Nxa5 20. Rxa5 Ra3 21. Rxa3 Bxa3 22. Ng5 $18
) 19. Qc4 Nd8 {This move looks awkward, but this is the only way to avoid
major loss of material.} 20. Rad1 $6 {This move is actually a loss of tempo.
Perhaps, Peter had underestimated Black's reply.} ({A much better move was} 20.
Nbd2 Qb7 21. Reb1 $16) 20... Bd6 $1 (20... Nf6 {is worse:} 21. Nc5 Bxc5 22.
Bxc5 Re8 23. Nxe5 Rxa5 24. Ra1 $16) 21. Rb1 Qb7 $6 {Returning the favour.} ({
Alexander should have played} 21... Qa8 $1 22. Red1 h6 $14) 22. Nbd2 $1 {
The exchange of the powerful Rb5 makes White's advantage bigger.} Qc6 23. Rxb5
axb5 24. Qb3 $16 {Now Black is mainly suffering from the powerful a-passer.} (
24. Qa2 $5) 24... Qa6 25. Ra1 Nc5 26. Qb1 Nf7 (26... Ndb7 27. h4 h6 28. h5 $16)
27. c4 $1 {Peter is aiming at opening files for his major pieces.} c6 28. cxb5
cxb5 29. Nb3 {The knight isn't located so well now.} ({A more precise move was
} 29. Qa2 $1 Re8 30. h4 h6 31. g4 $16 {extending the initiative on both sides
of the board.}) 29... Nd7 ({It made sense to lock the a-file:} 29... Na4 $5 30.
Qf1 Qb7 $14) 30. Qd3 Rc8 31. h3 h6 32. Nfd2 ({A more promising route for the
knight seems to be} 32. Ne1 $1 Rc4 33. Nd2 Rc7 34. Nc2 $16) 32... Nb8 33. Nf3
b4 {Alexander is reasonably deviating from repeating the moves.} ({Another
possibility was} 33... Rc4 $5 34. Ne1 Ra4 $14) 34. Qd1 Qb7 35. Nfd2 Rc3 {
Obviously, GM Onischuk's position has been improved - Black has managed to
activate almost all of his pieces.} 36. Nc1 Na6 37. Ne2 $6 {Once again, GM
Svidler chooses a wrong location forr the knight.} ({The correct way was} 37.
Na2 $1 Rc6 (37... Ra3 $2 38. Nc4 $18) 38. Rc1 $14) 37... Rc8 $6 ({A much
better move was} 37... Rc6 $1 {taking care of the weak e6-pawn:} 38. Nb3 (38.
Qb3 Bc5 $11) 38... Be7 39. Rc1 Nd6 {and Black should be able to achieve a draw.
}) 38. Qb3 Qe7 $6 {The continuation of a wrong strategy.} ({Black's defensive
task would be much easier had Alexander played} 38... Bc5 $1 39. Qxe6 Bxe3 40.
fxe3 Qc6 41. Qg4 Qc5 $14) 39. Rc1 {Now Black is doomed to a passive defence
again.} Rxc1+ 40. Nxc1 {After the exchange of rooks the a5-pawn becomes more
dangerous.} Bc5 41. Nd3 ({It was better to avoid the doubled pawn by means of} 
41. Nf1 $1 Bxe3 42. Nxe3 $16) 41... Bxe3 42. fxe3 Qd8 43. Nc4 Ng5 $2 {The
decisive mistake.} ({Once again, Alexander has missed a golden opportunity for
activating all his pieces at the cost of a pawn:} 43... Qe8 $1 44. Ndxe5 Nxe5
45. Nxe5 Kh7 46. Qc4 Qa4 $1 47. Qxe6 (47. Qxa6 Qa1+ 48. Kf2 Qxe5 $11) 47...
Qxa5 48. Qg6+ Kg8 49. Qf7+ Kh7 50. Nd7 Qd8 51. e5 Kh8 $14 {Black would obtain
excellent drawing chances.}) 44. Nb6 (44. Nxb4 $1 {was even simpler:} Qb8 45.
Nb6 Nc5 46. Qc2 Ngxe4 47. Nc6 Qd6 48. a6 $1 Qxc6 49. a7 $18) 44... Nc7 (44...
Kh7 $5 {was worth considering,} {forcing White to find a couple of precise
moves:} 45. Qc2 $1 (45. Qc4 $2 Nb8 46. h4 Nf7 47. Nxb4 Qd2 $11) 45... h5 46.
Nf2 b3 47. Qxb3 Qd2 48. Qd1 Qxd1+ 49. Nxd1 Nxe4 50. Nc4 $18 {this endgame is
winning for White, but the technical part is still not trivial.}) 45. Qc4 b3 {
Alas, Alexander fails to put up much resistance.} ({A much more stubborn line
was} 45... Kh7 $1 46. Na4 $1 (46. Kh2 Ne8 $1 47. Nxe5 Qd6 48. Qd4 Qxd4 49. exd4
Nxe4 $16 {and it isn't yet over.}) 46... Na8 $1 {and Black manages to
liquidate the a5-pawn. Still after} 47. Nac5 Qxa5 48. h4 Nb6 49. Qb3 Nf7 50.
Qxe6 Qa7 51. h5 b3 52. Nxb3 Qd7 53. Qg6+ Kg8 54. Nbc5 Qd8 55. Qe6 $18 {White
should be able to convert his positional (and material) advantage into a full
point.}) 46. Qxb3 Nxe4 47. Qc2 Qg5 (47... Nd5 48. Qc8 Qxc8 49. Nxc8 Nxe3 50. a6
$18) 48. Nc4 $1 $18 {Now White is firmly in control.} Nd5 {A desperate attempt
to create some threats on the kingside.} (48... Ng3 49. Ndxe5 Qf6 50. Qf2 $18)
49. a6 $1 {The most effective.} Nxe3 50. a7 Nxc2 51. a8=Q+ Kh7 52. Qxe4+ {
White is a piece up, but the game goes on.} Qf5 53. Nd6 $1 ({After} 53. Qxf5+
exf5 54. Ncxe5 {Black's pawn structure would be improved.}) 53... Qxe4 54. Nxe4
Kg6 55. g4 {No activity for the opponent's monarch! The rest is just an agony.}
Kf7 56. Nxe5+ Ke7 57. Kf2 Nb4 58. Kf3 Nd5 59. Ng6+ Kf7 60. Nf4 Nf6 ({Or} 60...
Ne7 61. Nc5 e5 62. Nfd3 $18) 61. Nxf6 gxf6 62. Kg3 f5 63. gxf5 exf5 64. Ng2 1-0